| 000 | 00756nam a2200265 i 4500 | ||
|---|---|---|---|
| 001 | 16328 | ||
| 003 | ES-MaACL | ||
| 005 | 20231216062903.0 | ||
| 007 | t| | ||
| 008 | 000830s2000 sp ||||1| spa d | ||
| 020 | _a84-306-0378-6 | ||
| 080 | _a323.17(4) | ||
| 080 | _a940 | ||
| 100 | 1 |
_aJuaristi, Jon, _d1951- _967169 |
|
| 245 | 1 | 3 |
_aEl bosque originario _b: genealogías míticas de los pueblos de Europa / _cJon Juaristi. |
| 250 | _a2ª ed. | ||
| 260 |
_aMadrid : _bTaurus, _c2000. |
||
| 300 |
_a347 p. ; _c24 cm. |
||
| 490 | 1 | _aPensamiento | |
| 650 | 1 | 4 |
_aNacionalismo- _zEuropa. _915452 |
| 651 |
_aEuropa- _xHistoria. _98599 |
||
| 830 | 0 |
_aPensamiento _9178722 |
|
| 852 |
_aES-MaACL _jL-23465 _bR.128941 |
||
| 999 |
_c16328 _d16328 |
||